Kapitalist politikaların ötesine geçmek için alternatif program (Record no. 7765)

MARC details
000 -BAŞLIK
Sabit Uzunlukta Kontrol Alanı 00850na a2200253 4500
001 - KONTROL NUMARASI
Denetim Alanı 20238
003 - KONTROL NUMARASI IDENTIFIER
Denetim Alanı MIRAKIL
005 - SON İŞLEM TARİHİ VE ZAMANI
Denetim Alanı 20181213155148.0
008 - SABİT-BOY VERİ ELEMANLARI - GENEL BİLGİLER
Sabit Uzunlukta Kontrol Alanı 170116b tu 000 0
035 ## - SİSTEM KONTROL NUMARASI
Sistem Kontrol Numarası 20238
040 ## - KATALOGLAMA KAYNAK
Orijinal Kataloglama Ajansı Milas
Kataloglama Dili tur
Metne Dönüştürmek Ajansı TR-AnCHP
041 ## - DİL KODU
Metin / Ses Parça Veya Ayrı Başlığın Dil Kodu tur
082 ## - DEWEY ONLU SINIFLANDIRMA NUMARASI
Sınıflandırma Numarası CHP 324.2372
Ürün Numarası T66k 1993
090 ## - SINIFLAMA NUMARASI
Sınıflama Numarası CHP 324.2372 T66k 1993
100 ## - ANA GİRİŞ - KİŞİSEL İSİM
Kişisel Ad Toprakoğlu, Celal
245 ## - BAŞLIK TABLOSU
Başlık Kapitalist politikaların ötesine geçmek için alternatif program
Sorumluluk Tablosu, Vb Celal Toprakoğlu
260 ## - YAYIN, DAĞITIM, VB
Yayın, Dağıtım, Vb Yeri İstanbul
Yayıncı, Dağıtıcı, Vs Adı Demos Yayıncılık
Yayın, Dağıtım, Vb Tarihi 1993
300 ## - FİZİKSEL TANIM
Kapsam 148 s.
Boyutlar 20 sm.
490 ## - SERİSİ TABLOSU
Seri Beyanı İnceleme-Araştırma Dizisi
500 ## - GENEL NOT
Genel Not Dış kapakta yapıt başka adı: CHP yeniden açılırken alternatif program
610 ## - KONU KATMA GİRİŞ - TOPLANTI ADI
Giriş Elemanı Olarak Kurumsal Ad Veya Yargı Alanı Adı Cumhuriyet Halk Partisi (CHP)
Genel Alt Bölüm Programlar
Kronolojik Alt Bölüm Öneriler
650 ## - KONU KATMA GİRİŞ - TOPİKAL DÖNEM
Topikal Süreli Veya Coğrafi Ad Giriş Elemanı Siyasal partiler
Genel Alt Bölümü Parti programları
Kronolojik Alt Bölümü Öneriler
942 ## - EKLENDİ GİRİŞ ELEMANLARI (KOHA)
Sınıflandırma Veya Raf Düzeni Kaynak Dewey Decimal Classification
Koha Öğesi Türü Books
999 ## - SİSTEM KONTROL NUMARALARI (KOHA)
Koha Biblionumber 7765
Koha Biblioitemnumber 7765
Holdings
Kalıcı Konum Mevcut Konum Edinme Tarihi Edinim Kaynak Toplam Check-Out'Lar Tam Çağrı Numarası Barkod Tarih Son Görülme İtibaren Geçerli Fiyatlar Koha Öğesi Türü
CHP Kütüphanesi CHP Kütüphanesi 01/16/2017 Bağış   CHP 324.2372 T66k 1993 010964 01/16/2017 01/16/2017 Books